| 000 | 00535nam a2200193Ia 4500 | ||
|---|---|---|---|
| 005 | 20250508152740.0 | ||
| 008 | 008 250505s9999 xx 000 0 eng d | ||
| 037 | _aTextual | ||
| 040 |
_aFEDL _beng _cFEDL |
||
| 041 |
_aeng _2eng |
||
| 084 |
_a335.7, ROB _qFEDL |
||
| 100 |
_aRobertson Archibald _974886 |
||
| 245 | 0 | _aSocialism and religion : An essay | |
| 260 |
_aLondon, UK _bLawrence and Wishart Ltd. _c1960 |
||
| 300 | _a61p. | ||
| 650 | _aEconomics | ||
| 942 |
_cTEXL _h335.7, ROB |
||
| 999 |
_c1338487 _d1338487 |
||